[Event "CAN-op U2400"]
[Site "Montreal CAN"]
[Date "2014.07.26"]
[Round "9"]
[White "Voloaca, Mihnea"]
[Black "Ivanov, Mike"]
[Result "1-0"]
[WhiteElo "2227"]
[BlackElo "2137"]
[WhiteFideId "-1"]
[WhiteFideId "-1"]
[PlyCount "81"]
[GameId "2160767909078184"]
[EventDate "2014.07.19"]
[EventType "swiss"]
[EventRounds "9"]
[EventCountry "CAN"]
[SourceTitle "EXT 2022"]
[Source "ChessBase"]
[SourceDate "2021.10.06"]
[SourceVersion "1"]
[SourceVersionDate "2021.10.06"]
[SourceQuality "1"]

1. Nf3 Nf6 2. c4 g6 3. Nc3 Bg7 4. e4 O-O 5. d4 d6 6. Be2 e5 7. O-O Nc6 8. d5 Ne7 9. b4 Nh5 10. g3 f5 11. Ng5 Nf6 12. f3 c6 13. Be3 Qc7 14. Qd2 Bh6 15. c5 cxd5 16. Nb5 Qd8 17. cxd6 Nc6 18. exd5 Nd4 19. Nxd4 exd4 20. Qxd4 Qxd6 21. Bf4 Qb6 22. Qxb6 axb6 23. Bc4 Bd7 24. Rfe1 Rfe8 25. d6+ Kg7 26. h4 Rac8 27. Bb3 Bxg5 28. hxg5 Nh5 29. Be5+ Kf8 30. g4 Ng7 31. Bf6 Ne6 32. gxf5 gxf5 33. Kf2 Nf4 34. Re7 Nd3+ 35. Ke3 f4+ 36. Kxd3 Bf5+ 37. Ke2 Rxe7+ 38. dxe7+ Ke8 39. Rd1 Bd7 40. Ba4 b5 41. Rxd7 1-0

[Event "Aurora Summer op"]
[Site "Aurora CAN"]
[Date "2014.07.05"]
[Round "1.7"]
[White "Chernik, Dmitry"]
[Black "Ivanov, Mike"]
[Result "0-1"]
[WhiteElo "2032"]
[BlackElo "2303"]
[WhiteFideId "-1"]
[WhiteFideId "-1"]
[PlyCount "136"]
[GameId "2160767909086545"]
[EventDate "2014.07.05"]
[EventType "swiss"]
[EventRounds "5"]
[EventCountry "CAN"]
[SourceTitle "EXT 2022"]
[Source "ChessBase"]
[SourceDate "2021.10.06"]
[SourceVersion "1"]
[SourceVersionDate "2021.10.06"]
[SourceQuality "1"]

1. e4 d5 2. exd5 Nf6 3. Bb5+ Nbd7 4. c4 a6 5. Ba4 g6 6. d4 Bg7 7. Ne2 O-O 8. Nbc3 b5 9. cxb5 Nb6 10. bxa6 Nxa4 11. Qxa4 Bxa6 12. Qc2 Nxd5 13. Nxd5 Qxd5 14. O-O Rfb8 15. Rd1 Bc4 16. Be3 Bxe2 17. Qxe2 Rxa2 18. Rxa2 Qxa2 19. Qc2 Rb7 20. Rb1 h5 21. g3 h4 22. gxh4 Qd5 23. Qc5 Qe4 24. Rc1 Qg4+ 25. Kh1 Qe4+ 26. Kg1 Rxb2 27. Qxc7 Qxh4 28. Qg3 Qh5 29. Rc8+ Bf8 30. Qf4 Qh3 31. Rc1 Rb5 32. Qg3 Qf5 33. Qf4 Qe6 34. Rc5 Rb1+ 35. Kg2 Qa6 36. Rc1 Rxc1 37. Bxc1 Qc6+ 38. Kh3 Bg7 39. Be3 Qd5 40. Qb8+ Kh7 41. Qf4 Bf6 42. Kg3 Kg7 43. Qh6+ Kg8 44. Qf4 Bg7 45. Qg4 Qd6+ 46. Kg2 f5 47. Qg3 Qf6 48. Qb8+ Kh7 49. Qg3 e6 50. Qh3+ Kg8 51. Qg3 Bf8 52. Qc7 g5 53. Qe5 Bg7 54. f4 gxf4 55. Qxf4 Qg6+ 56. Qg3 Qh5 57. Qf3 Qh4 58. d5 Qe7 59. dxe6 Qxe6 60. Bf4 Qg6+ 61. Qg3 Qh5 62. Be5 Qe2+ 63. Kh3 Qxe5 64. Qg6 Qf4 65. Kg2 Kf8 66. h4 Qe4+ 67. Kf1 Qf3+ 68. Kg1 Qg4+ 0-1

[Event "Aurora Summer op"]
[Site "Aurora CAN"]
[Date "2014.07.05"]
[Round "2.2"]
[White "Ivanov, Mike"]
[Black "Qin, Zi Yi (Joey)"]
[Result "1/2-1/2"]
[WhiteElo "2303"]
[BlackElo "2421"]
[WhiteFideId "-1"]
[WhiteFideId "-1"]
[PlyCount "182"]
[GameId "2160767909086552"]
[EventDate "2014.07.05"]
[EventType "swiss"]
[EventRounds "5"]
[EventCountry "CAN"]

1. e4 c5 2. Nf3 d6 3. d4 cxd4 4. Qxd4 a6 5. Be3 Nf6 6. Nc3 Nc6 7. Qd2 e6 8. O-O-O Be7 9. Bf4 O-O 10. Bxd6 Bxd6 11. Qxd6 Qa5 12. Bc4 Ne8 13. Qf4 b5 14. Bb3 Qb6 15. Rd2 Bb7 16. Ng5 Na5 17. Rhd1 h6 18. Nf3 Rc8 19. Ne5 Nf6 20. f3 Qc7 21. Nd3 Qe7 22. Ne1 Bc6 23. Qd6 Qa7 24. Ne2 Nb7 25. Qd4 Qa8 26. Nc3 Nd7 27. Nd5 exd5 28. exd5 Nf6 29. dxc6 Rxc6 30. Nd3 Na5 31. Ne5 Nxb3+ 32. axb3 Re6 33. Nd7 Nxd7 34. Qxd7 Rfe8 35. Qc7 Rc6 36. Qf4 Qc8 37. Kb1 Rf6 38. Qd4 Qb8 39. Qd8 Qe5 40. Qxe8+ Qxe8 41. Rd8 Kf8 42. Rxe8+ Kxe8 43. c4 Re6 44. Kc2 b4 45. Kd2 Kd7 46. Re1 Rd6+ 47. Ke2 Kc6 48. Rd1 Re6+ 49. Kf2 Re5 50. Ra1 Kb6 51. Ra4 a5 52. Ra1 Kc6 53. Rd1 Kc5 54. Rd7 Rf5 55. h4 h5 56. Ke3 Re5+ 57. Kd3 g5 58. Rxf7 gxh4 59. f4 Re1 60. Rf5+ Kb6 61. Rxh5 Rb1 62. Kc2 Rg1 63. Rxh4 Rxg2+ 64. Kb1 Rg1+ 65. Ka2 Rf1 66. Rh6+ Kc7 67. Rh5 Kb6 68. Rh6+ Kb7 69. Rf6 Rf3 70. f5 Kc7 71. Rf8 Kd6 72. f6 Rf5 73. Rb8 Ke6 74. Rb6+ Kf7 75. Ra6 Kg6 76. Rc6 Rxf6 77. Rc5 Rf5 78. Rb5 Kf6 79. Rxf5+ Kxf5 80. Kb1 Ke4 81. Kc2 Kd4 82. Kd2 Ke4 83. Ke2 Kd4 84. Kd2 Ke4 85. Ke2 Kd4 86. Kf3 a4 87. bxa4 Kxc4 88. b3+ Kxb3 89. a5 Kc2 90. a6 b3 91. a7 b2 1/2-1/2

[Event "Aurora Summer op"]
[Site "Aurora CAN"]
[Date "2014.07.05"]
[Round "3.4"]
[White "Tonakanian, Stephan"]
[Black "Ivanov, Mike"]
[Result "1-0"]
[WhiteElo "2025"]
[BlackElo "2303"]
[WhiteFideId "-1"]
[WhiteFideId "-1"]
[PlyCount "139"]
[GameId "2160767909086568"]
[EventDate "2014.07.05"]
[EventType "swiss"]
[EventRounds "5"]
[EventCountry "CAN"]
[SourceTitle "EXT 2022"]
[Source "ChessBase"]
[SourceDate "2021.10.06"]
[SourceVersion "1"]
[SourceVersionDate "2021.10.06"]
[SourceQuality "1"]

1. d4 Nf6 2. Nf3 g6 3. g3 Bg7 4. Bg2 O-O 5. O-O d6 6. b3 Nfd7 7. Bb2 Nc6 8. c4 e5 9. d5 Ne7 10. Nc3 f5 11. Ng5 Nc5 12. b4 h6 13. Nf3 Nd7 14. e4 Nf6 15. Nd2 fxe4 16. Ndxe4 Nf5 17. Nxf6+ Qxf6 18. Ne4 Qe7 19. c5 a5 20. a3 Bd7 21. Qd3 Nd4 22. Bxd4 exd4 23. Rfe1 Qf7 24. cxd6 cxd6 25. Qd2 Ra6 26. bxa5 Bf5 27. Rab1 Qc7 28. Rb3 Bxe4 29. Bxe4 Qxa5 30. Qxa5 Rxa5 31. Bxg6 Rxd5 32. Re7 b5 33. Bd3 Rf7 34. Re8+ Rf8 35. Rxf8+ Bxf8 36. Bxb5 Rc5 37. a4 d5 38. Rd3 Rc1+ 39. Kg2 Bc5 40. Bc6 Kg7 41. Bxd5 Ra1 42. Bc6 Kf6 43. h4 Ra2 44. g4 Ke5 45. Kg3 Bb4 46. Rf3 Bd2 47. Rf5+ Kd6 48. Bb5 Be1 49. g5 hxg5 50. hxg5 d3 51. Bxd3 Rxa4 52. Rf3 Bc3 53. Kh3 Ra1 54. Rg3 Ke7 55. f4 Kf8 56. Kg4 Kg7 57. Bc4 Bd2 58. Rb3 Ra7 59. Rd3 Bc1 60. Rc3 Bb2 61. Rb3 Bd4 62. Rd3 Bb2 63. Rd6 Bc3 64. f5 Bb2 65. f6+ Bxf6 66. gxf6+ Kg6 67. f7+ Kh7 68. Kf5 Ra8 69. Kf6 Ra3 70. Bd3+ 1-0

[Event "Aurora Summer op"]
[Site "Aurora CAN"]
[Date "2014.07.06"]
[Round "4.6"]
[White "Ivanov, Mike"]
[Black "Chen, Richard"]
[Result "1-0"]
[WhiteElo "2303"]
[BlackElo "2071"]
[WhiteFideId "-1"]
[WhiteFideId "-1"]
[PlyCount "73"]
[GameId "2160767909086579"]
[EventDate "2014.07.05"]
[EventType "swiss"]
[EventRounds "5"]
[EventCountry "CAN"]
[SourceTitle "EXT 2022"]
[Source "ChessBase"]
[SourceDate "2021.10.06"]
[SourceVersion "1"]
[SourceVersionDate "2021.10.06"]
[SourceQuality "1"]

1. e4 c5 2. Nf3 Nc6 3. Bb5 Na5 4. Be2 a6 5. c4 e6 6. Nc3 Qc7 7. O-O Nf6 8. e5 Ng4 9. d4 h5 10. Bf4 Nc6 11. dxc5 Bxc5 12. Ne4 Ncxe5 13. Nxc5 Nxf3+ 14. Bxf3 Qxf4 15. g3 Qe5 16. Na4 Nf6 17. Nb6 Rb8 18. Re1 Qc5 19. Na4 Qc7 20. c5 h4 21. Qd4 hxg3 22. hxg3 Rh6 23. Nb6 Kf8 24. Nc4 Ne8 25. Kg2 Qd8 26. Rad1 Qf6 27. Ne5 b6 28. cxb6 d5 29. Qd3 Nd6 30. Ng4 Qg6 31. Qa3 Ke7 32. Rxd5 e5 33. Nxh6 Qxh6 34. Rexe5+ Be6 35. Qxd6+ Kf6 36. Rf5+ Kg6 37. Rg5+ 1-0

[Event "Aurora Summer op"]
[Site "Aurora CAN"]
[Date "2014.07.06"]
[Round "5.5"]
[White "Kazmaier, Daniel"]
[Black "Ivanov, Mike"]
[Result "1/2-1/2"]
[WhiteElo "2297"]
[BlackElo "2303"]
[WhiteFideId "-1"]
[WhiteFideId "-1"]
[PlyCount "134"]
[GameId "2160767909086592"]
[EventDate "2014.07.05"]
[EventType "swiss"]
[EventRounds "5"]
[EventCountry "CAN"]
[SourceTitle "EXT 2022"]
[Source "ChessBase"]
[SourceDate "2021.10.06"]
[SourceVersion "1"]
[SourceVersionDate "2021.10.06"]
[SourceQuality "1"]

1. d4 c5 2. d5 d6 3. c4 g6 4. e4 Bg7 5. Nc3 Nf6 6. f4 O-O 7. Bd3 e6 8. dxe6 fxe6 9. Nf3 Nc6 10. O-O Nd4 11. Ne2 Nxf3+ 12. Rxf3 b6 13. Bd2 Bb7 14. Qc2 d5 15. e5 dxc4 16. exf6 cxd3 17. Rxd3 Qxf6 18. Bc3 Qh4 19. Bxg7 Kxg7 20. Rad1 Rad8 21. Qc3+ Kg8 22. Rd7 Rxd7 23. Rxd7 Rf7 24. g3 Qh6 25. Rd8+ Rf8 26. Rd7 Bd5 27. Rxa7 Rf7 28. Rxf7 Kxf7 29. Qe5 Qh5 30. Qxh5 gxh5 31. Nc3 Bc6 32. Nd1 b5 33. a3 e5 34. Kf2 h4 35. Ne3 hxg3+ 36. hxg3 h5 37. fxe5 Ke6 38. g4 hxg4 39. Nxg4 Kd5 40. Ke3 Kc4 41. Kd2 Bd7 42. Nf6 Bh3 43. Ne4 b4 44. Ng5 Bd7 45. axb4 cxb4 46. e6 Bb5 47. Kc2 Ba4+ 48. Kd2 Bb5 49. e7 Kd5 50. Nf3 Bd7 51. Kd3 Kd6 52. Kc4 Kxe7 53. Kxb4 Kd6 54. Nd4 Kc7 55. Kc5 Kb7 56. b3 Be8 57. Nb5 Bd7 58. Nd6+ Ka6 59. b4 Ka7 60. Nc4 Ka6 61. Na5 Bb5 62. Nc6 Bf1 63. Ne5 Kb7 64. Nc4 Bxc4 65. Kxc4 Kc6 66. b5+ Kb6 67. Kb4 Kb7 1/2-1/2

[Event "Toronto op Crown"]
[Site "Toronto CAN"]
[Date "2014.04.18"]
[Round "2"]
[White "Ivanov, Mike"]
[Black "Humphreys, Michael"]
[Result "1-0"]
[WhiteElo "2123"]
[BlackElo "2151"]
[WhiteFideId "-1"]
[WhiteFideId "-1"]
[PlyCount "84"]
[GameId "2160767909120342"]
[EventDate "2014.04.18"]
[EventType "swiss"]
[EventRounds "6"]
[EventCountry "CAN"]
[SourceTitle "CBM 159 Extra"]
[Source "ChessBase"]
[SourceDate "2014.04.24"]
[SourceVersion "1"]
[SourceVersionDate "2014.04.24"]
[SourceQuality "1"]

1. e4 c5 2. Nf3 d6 3. d4 cxd4 4. Qxd4 a6 5. Be3 Bg4 6. Nc3 Nc6 7. Qd2 Nf6 8. Nd4 Bd7 9. f3 h5 10. O-O-O Rc8 11. Kb1 Ne5 12. Bg5 e6 13. f4 Ng6 14. Bd3 Qb6 15. Bxf6 gxf6 16. Nb3 Rg8 17. Rhe1 a5 18. a4 Qb4 19. g3 b6 20. Qe2 h4 21. Ba6 Rxc3 22. bxc3 Qxa4 23. Nd4 hxg3 24. hxg3 Ne7 25. Kb2 Nc6 26. Nb5 f5 27. exf5 Bg7 28. Nxd6+ Kf8 29. Nb5 Qb4+ 30. Kc1 Bxc3 31. Nxc3 Qxc3 32. Rd3 Qa1+ 33. Kd2 Qb2 34. Rxd7 Rxg3 35. Rd3 Nd4 36. Rxd4 Qxd4+ 37. Bd3 Qb4+ 38. Kc1 Rg2 39. Qe3 Qa3+ 40. Kd1 Qa1+ 41. Qc1 Qc3 42. fxe6 fxe6 1-0

[Event "Toronto op Crown"]
[Site "Toronto CAN"]
[Date "2014.04.19"]
[Round "3"]
[White "Ivanov, Mike"]
[Black "Derraugh, Geordie"]
[Result "1/2-1/2"]
[WhiteElo "2123"]
[BlackElo "2157"]
[WhiteFideId "-1"]
[WhiteFideId "-1"]
[PlyCount "152"]
[GameId "2160767909120347"]
[EventDate "2014.04.18"]
[EventType "swiss"]
[EventRounds "6"]
[EventCountry "CAN"]
[SourceTitle "CBM 159 Extra"]
[Source "ChessBase"]
[SourceDate "2014.04.24"]
[SourceVersion "1"]
[SourceVersionDate "2014.04.24"]
[SourceQuality "1"]

1. e4 c5 2. Nf3 d6 3. d4 cxd4 4. Qxd4 Nc6 5. Bb5 Bd7 6. Bxc6 bxc6 7. c4 e5 8. Qd2 Nf6 9. Nc3 Qc7 10. O-O Be7 11. b3 O-O 12. Ba3 Bg4 13. Ne1 Rad8 14. Nc2 Be6 15. Ne3 Qa5 16. Qb2 Rb8 17. Rad1 Rfd8 18. Rd2 g6 19. Rfd1 Ng4 20. Bxd6 Nxe3 21. fxe3 Rxd6 22. Rxd6 Bxd6 23. Rxd6 Bxc4 24. Rxc6 Be6 25. h3 Qd8 26. Qe2 Rc8 27. Rxc8 Qxc8 28. Qd3 Qd7 29. Nd5 Kg7 30. Kf2 Qd6 31. Qc4 Kh6 32. Qc7 Qxc7 33. Nxc7 Bd7 34. b4 Bc6 35. Nd5 f5 36. Nc3 fxe4 37. b5 Ba8 38. a4 Kg5 39. a5 Kf6 40. Kg3 Ke6 41. Kg4 h6 42. h4 Kd6 43. h5 gxh5+ 44. Kxh5 Kc5 45. b6 axb6 46. axb6 Kxb6 47. Kxh6 Kc5 48. g4 Kc4 49. Na4 Bc6 50. Nb6+ Kc5 51. Nc8 Bd7 52. Ne7 Bxg4 53. Kg5 Bf3 54. Kf5 Kd6 55. Ng6 Bg2 56. Nxe5 Bf3 57. Kf4 Ke6 58. Nc4 Kf6 59. Nd2 Bg2 60. Kg3 Bf3 61. Kf4 Bg2 62. Nb3 Bf3 63. Nc5 Bg2 64. Nd7+ Ke6 65. Kg3 Kxd7 66. Kxg2 Ke7 67. Kg3 Kd7 68. Kg4 Ke7 69. Kg5 Kf7 70. Kf5 Ke7 71. Ke5 Kf7 72. Kd6 Kf6 73. Kd7 Kf7 74. Kd6 Kf6 75. Kd5 Kf7 76. Kxe4 Ke6 1/2-1/2

[Event "Toronto op Crown"]
[Site "Toronto CAN"]
[Date "2014.04.19"]
[Round "4"]
[White "Zhang, Yuanchen"]
[Black "Ivanov, Mike"]
[Result "1-0"]
[WhiteElo "2128"]
[BlackElo "2123"]
[WhiteFideId "-1"]
[WhiteFideId "-1"]
[PlyCount "57"]
[GameId "2160767909120357"]
[EventDate "2014.04.18"]
[EventType "swiss"]
[EventRounds "6"]
[EventCountry "CAN"]
[SourceTitle "CBM 159 Extra"]
[Source "ChessBase"]
[SourceDate "2014.04.24"]
[SourceVersion "1"]
[SourceVersionDate "2014.04.24"]
[SourceQuality "1"]

1. d4 Nf6 2. c4 c5 3. d5 e6 4. Nc3 exd5 5. cxd5 Bd6 6. e4 O-O 7. Bd3 Re8 8. Nf3 Bc7 9. O-O a6 10. a4 d6 11. h3 Nbd7 12. Bf4 Nf8 13. Nd2 Rb8 14. Bh2 Ng6 15. Re1 Ne5 16. Bf1 Bd7 17. f4 Ng6 18. a5 Bxa5 19. Rxa5 Qxa5 20. Nc4 Qb4 21. e5 Ba4 22. Nxa4 Nxd5 23. Nxd6 Red8 24. Re4 c4 25. Qxd5 Qxa4 26. Qxf7+ Kh8 27. Qe6 Rd7 28. Rxc4 Nf8 29. Nf7+ 1-0

[Event "Toronto op Crown"]
[Site "Toronto CAN"]
[Date "2014.04.20"]
[Round "5"]
[White "Ivanov, Mike"]
[Black "Peev, Pavel"]
[Result "1-0"]
[WhiteElo "2123"]
[BlackElo "2057"]
[WhiteFideId "-1"]
[WhiteFideId "-1"]
[PlyCount "119"]
[GameId "2160767909120362"]
[EventDate "2014.04.18"]
[EventType "swiss"]
[EventRounds "6"]
[EventCountry "CAN"]
[SourceTitle "CBM 159 Extra"]
[Source "ChessBase"]
[SourceDate "2014.04.24"]
[SourceVersion "1"]
[SourceVersionDate "2014.04.24"]
[SourceQuality "1"]

1. e4 c5 2. Nc3 Nc6 3. g3 g6 4. d3 d6 5. Bg2 Bg7 6. Be3 e6 7. Qd2 Nd4 8. Nd1 Ne7 9. c3 Ndc6 10. Bh6 Bxh6 11. Qxh6 Ne5 12. Qd2 Qa5 13. f4 N5c6 14. Ne3 O-O 15. h4 f5 16. h5 Kg7 17. hxg6 hxg6 18. exf5 Nxf5 19. Nxf5+ exf5 20. Bxc6 bxc6 21. Qh2 Be6 22. Qh6+ Kf6 23. Nf3 Rae8 24. Qg5+ Kg7 25. Kd2 Qd8 26. Qh6+ Kf6 27. Ng5 Rh8 28. Nh7+ Kf7 29. Rae1 Bd5 30. Rxe8 Rxe8 31. Re1 Rxe1 32. Ng5+ Kf6 33. Kxe1 Qe7+ 34. Kf2 Qg7 35. Qh4 Ke7 36. Nh7+ Kd7 37. Nf6+ Kc8 38. c4 Be6 39. Ke1 d5 40. b3 Kb7 41. Qh7 Qxh7 42. Nxh7 Kc7 43. Ng5 Kd6 44. Nf3 Bf7 45. Ne5 Be8 46. Nf3 d4 47. Kf2 Ke7 48. Kg2 Kf8 49. Kh3 g5 50. Nxg5 Bh5 51. Ne6+ Kf7 52. Nxc5 Ke7 53. Kh4 Be2 54. Kg5 Kd6 55. b4 a5 56. a3 axb4 57. axb4 Bg4 58. Nb3 Be2 59. Nxd4 Bxd3 60. Nxf5+ 1-0

[Event "Toronto op Crown"]
[Site "Toronto CAN"]
[Date "2014.04.20"]
[Round "6"]
[White "Southam, David"]
[Black "Ivanov, Mike"]
[Result "1-0"]
[WhiteElo "2084"]
[BlackElo "2123"]
[WhiteFideId "-1"]
[WhiteFideId "-1"]
[PlyCount "129"]
[GameId "2160767909120371"]
[EventDate "2014.04.18"]
[EventType "swiss"]
[EventRounds "6"]
[EventCountry "CAN"]
[SourceTitle "CBM 159 Extra"]
[Source "ChessBase"]
[SourceDate "2014.04.24"]
[SourceVersion "1"]
[SourceVersionDate "2014.04.24"]
[SourceQuality "1"]

1. d4 Nf6 2. Nf3 c5 3. c3 b6 4. Bg5 Ne4 5. Bf4 Bb7 6. e3 d6 7. Nbd2 Nxd2 8. Qxd2 g6 9. O-O-O Nd7 10. h4 h6 11. Kb1 Bg7 12. Be2 Qc7 13. Ka1 a6 14. Ne1 O-O-O 15. Bf3 e5 16. Bxb7+ Qxb7 17. Bg3 f5 18. f3 f4 19. Bf2 fxe3 20. Bxe3 exd4 21. cxd4 Nf6 22. Nc2 Nd5 23. Rhe1 Qf7 24. Qd3 Nc7 25. Qe4 Rhe8 26. Qd3 c4 27. Qd2 h5 28. Bg5 Rxe1 29. Rxe1 Re8 30. Kb1 Ne6 31. Qb4 Nxd4 32. Rxe8+ Qxe8 33. Qxc4+ Nc6 34. Qxa6+ Kc7 35. Be3 Qe5 36. Qxb6+ Kd7 37. Qb7+ Ke6 38. Bc1 Na5 39. Qe4 Qxe4 40. fxe4 Bf6 41. g3 Ke5 42. Bd2 Bd8 43. Bf4+ Kxe4 44. Bxd6 Nc4 45. Bb8 Bf6 46. b3 Nd2+ 47. Kc1 Nf1 48. a4 Be5 49. Bxe5 Kxe5 50. a5 Kd5 51. a6 Kc6 52. b4 Kb6 53. b5 Nxg3 54. Nd4 Ne4 55. Kc2 g5 56. Kd3 Nc5+ 57. Kc4 Nxa6 58. hxg5 Nc7 59. g6 Ne8 60. Nf5 Nf6 61. g7 Ng8 62. Kd5 Kxb5 63. Ke6 h4 64. Nxh4 Kc6 65. Nf5 1-0

[Event "Hart House Holidays op"]
[Site "Toronto CAN"]
[Date "2013.12.21"]
[Round "2"]
[White "Krnan, Tomas"]
[Black "Ivanov, Mike"]
[Result "1-0"]
[WhiteElo "2563"]
[BlackElo "2205"]
[WhiteFideId "-1"]
[WhiteFideId "-1"]
[PlyCount "81"]
[GameId "2160767909208151"]
[EventDate "2013.12.20"]
[EventType "swiss"]
[EventRounds "5"]
[EventCountry "CAN"]
[SourceTitle "EXT 2015"]
[Source "ChessBase"]
[SourceDate "2014.11.20"]
[SourceVersion "1"]
[SourceVersionDate "2014.11.20"]
[SourceQuality "1"]

1. e4 e6 2. d3 d5 3. Nd2 c5 4. g3 Bd6 5. Bg2 Ne7 6. f4 Nbc6 7. Ngf3 f6 8. Qe2 Qc7 9. O-O b5 10. c4 bxc4 11. dxc4 O-O 12. b3 Rb8 13. cxd5 exd5 14. exd5 Nb4 15. Nc4 Nexd5 16. a3 Nc3 17. Qd2 Ne4 18. Qd1 Nc3 19. Qxd6 Qxd6 20. Nxd6 Nc2 21. Bb2 Nxa1 22. Bxa1 Nb5 23. Nxc8 Rfxc8 24. a4 Nc7 25. Nd2 Rd8 26. Bc3 Rd3 27. Rf3 Rbd8 28. Rxd3 Rxd3 29. Ba5 Nd5 30. Kf2 Nb4 31. Ke2 Rc3 32. Bd5+ Kf8 33. Bc4 f5 34. Bc7 Ke7 35. Be5 Rc1 36. Bxg7 h5 37. Bb2 Rc2 38. Ba3 Kf6 39. Bd3 Ra2 40. Bxb4 cxb4 41. Bb1 1-0

[Event "Hart House Holidays op"]
[Site "Toronto CAN"]
[Date "2013.12.21"]
[Round "3"]
[White "Ivanov, Mike"]
[Black "Sapozhnikov, Roman"]
[Result "0-1"]
[WhiteElo "2205"]
[BlackElo "2384"]
[WhiteFideId "-1"]
[WhiteFideId "-1"]
[PlyCount "74"]
[GameId "2160767909208154"]
[EventDate "2013.12.20"]
[EventType "swiss"]
[EventRounds "5"]
[EventCountry "CAN"]
[SourceTitle "EXT 2015"]
[Source "ChessBase"]
[SourceDate "2014.11.20"]
[SourceVersion "1"]
[SourceVersionDate "2014.11.20"]
[SourceQuality "1"]

1. e4 e6 2. b3 d5 3. Bb2 Nf6 4. e5 Nfd7 5. f4 c5 6. Nf3 Nc6 7. Be2 Be7 8. O-O f6 9. Nc3 O-O 10. exf6 Bxf6 11. Ne1 Bd4+ 12. Kh1 e5 13. fxe5 Rxf1+ 14. Bxf1 Ndxe5 15. Be2 Qh4 16. Na4 b5 17. Bxd4 Nxd4 18. Nxc5 Bg4 19. Nf3 Bxf3 20. Bxf3 Nexf3 21. gxf3 Re8 22. Qg1 Re2 23. Rf1 Qh3 24. Rf2 Nxf3 25. Rxe2 Nxg1 26. Kxg1 Qg4+ 27. Kf1 Qf3+ 28. Rf2 Qd1+ 29. Kg2 Qxc2 30. d4 Qd1 31. Rf4 h6 32. h4 g5 33. hxg5 hxg5 34. Rf2 Qxd4 35. Rf8+ Kh7 36. Rf7+ Kg6 37. Rg7+ Qxg7 0-1

[Event "Aurora Fall op"]
[Site "Aurora CAN"]
[Date "2013.10.19"]
[Round "1.1"]
[White "Ivanov, Mike"]
[Black "Noritsyn, Nikolay"]
[Result "0-1"]
[WhiteElo "2204"]
[BlackElo "2625"]
[WhiteFideId "-1"]
[WhiteFideId "-1"]
[PlyCount "124"]
[GameId "2160767909224949"]
[EventDate "2013.10.19"]
[EventType "swiss"]
[EventRounds "5"]
[EventCountry "CAN"]

1. e4 c5 2. Nc3 e6 3. g3 d5 4. Bg2 dxe4 5. Nxe4 Be7 6. b3 Nh6 7. Bb2 Nf5 8. Nf3 Nc6 9. O-O O-O 10. Ne5 Nxe5 11. Bxe5 Bd7 12. Re1 Bc6 13. Qg4 f6 14. Bb2 Qd7 15. d3 Rac8 16. c3 Rfe8 17. Rad1 Nh6 18. Qe2 f5 19. Nd2 Bxg2 20. Kxg2 Bf6 21. d4 cxd4 22. Nf3 Qc6 23. cxd4 Qd5 24. Rc1 Rxc1 25. Rxc1 Nf7 26. Rc5 Qd7 27. Qc2 Nd6 28. a4 Rc8 29. Ne5 Bxe5 30. dxe5 Rxc5 31. Qxc5 Ne4 32. Qc4 Nd2 33. Qd4 Qc6+ 34. Kh3 Nf3 35. Qd8+ Kf7 36. Ba3 h6 37. Bf8 Kg6 38. Qe7 Kh5 39. Kg2 Nxe5+ 40. Kg1 Qc1+ 41. Kg2 Qc6+ 42. Kg1 Nf3+ 43. Kg2 Ng5+ 44. Kf1 Qc1+ 45. Ke2 Qc2+ 46. Kf1 Qd1+ 47. Kg2 Qf3+ 48. Kf1 Ne4 49. Qh4+ Kg6 50. Qf4 Qxb3 51. Qe5 Qd1+ 52. Kg2 Qd7 53. h4 Nf6 54. f3 b6 55. g4 fxg4 56. fxg4 Qd2+ 57. Kg3 Qd3+ 58. Kg2 Kf7 59. Bb4 Nxg4 60. Qc7+ Kg6 61. Qe7 Qe4+ 62. Kg3 Nf6 0-1

[Event "Aurora Fall op"]
[Site "Aurora CAN"]
[Date "2013.10.19"]
[Round "2.8"]
[White "Chernik, Dmitry"]
[Black "Ivanov, Mike"]
[Result "1/2-1/2"]
[WhiteElo "2046"]
[BlackElo "2204"]
[WhiteFideId "-1"]
[WhiteFideId "-1"]
[PlyCount "118"]
[GameId "2160767909224963"]
[EventDate "2013.10.19"]
[EventType "swiss"]
[EventRounds "5"]
[EventCountry "CAN"]

1. e4 d5 2. exd5 Nf6 3. Bb5+ Bd7 4. Bc4 Bg4 5. Bb5+ Nbd7 6. f3 Bf5 7. Nc3 a6 8. Ba4 b5 9. Bb3 Nb6 10. Nge2 Nbxd5 11. Nxd5 Nxd5 12. d3 g6 13. Ng3 Bc8 14. O-O Bg7 15. c3 O-O 16. Re1 e5 17. Ne4 h6 18. Bxd5 Qxd5 19. Bxh6 Bb7 20. Bxg7 Kxg7 21. Qe2 Rae8 22. b3 Rh8 23. Qe3 f5 24. Nc5 Bc8 25. d4 f4 26. Qf2 Rh5 27. Rxe5 Rhxe5 28. dxe5 Rxe5 29. Ne4 Bf5 30. Re1 Bxe4 31. fxe4 Rxe4 32. Rxe4 Qxe4 33. Qd4+ Qxd4+ 34. cxd4 Kf6 35. Kf2 Ke6 36. Ke2 Kd5 37. Kd3 g5 38. b4 g4 39. h4 c6 40. h5 Ke6 41. h6 Kf6 42. h7 Kg7 43. h8=Q+ Kxh8 44. Ke4 f3 45. gxf3 gxf3 46. Kxf3 Kg7 47. Ke4 Kf6 48. d5 Ke7 49. dxc6 Kd6 50. c7 Kxc7 51. Ke5 a5 52. a3 axb4 53. axb4 Kc6 54. Ke6 Kc7 55. Kd5 Kd7 56. Kc5 Kc7 57. Kxb5 Kb7 58. Kc5 Kc7 59. b5 Kb7 1/2-1/2

[Event "Aurora Fall op"]
[Site "Aurora CAN"]
[Date "2013.10.19"]
[Round "3"]
[White "Ivanov, Mike"]
[Black "Morrell, Gordon"]
[Result "1-0"]
[WhiteElo "2076"]
[BlackElo "2159"]
[WhiteFideId "-1"]
[WhiteFideId "-1"]
[PlyCount "81"]
[GameId "2160767909224966"]
[EventDate "2013.10.19"]
[EventType "swiss"]
[EventRounds "5"]
[EventCountry "CAN"]
[SourceTitle "EXT 2014"]
[Source "ChessBase"]
[SourceDate "2013.11.20"]
[SourceVersion "1"]
[SourceVersionDate "2013.11.20"]
[SourceQuality "1"]

1. e4 c6 2. Nc3 d5 3. Nf3 Bg4 4. d4 dxe4 5. Nxe4 Nf6 6. Nxf6+ exf6 7. Bf4 Qe7+ 8. Qe2 Bxf3 9. gxf3 Qxe2+ 10. Bxe2 Be7 11. Rg1 g6 12. O-O-O Nd7 13. d5 cxd5 14. Rxd5 O-O-O 15. Ra5 Bc5 16. Be3 Bb6 17. Bxb6 axb6 18. Ra8+ Kc7 19. Rxd8 Rxd8 20. Rg4 Nc5 21. Rc4 Kb8 22. f4 f5 23. f3 Ne6 24. c3 Nc5 25. Kc2 Ne6 26. Rb4 Rd6 27. Bd3 Kc7 28. h4 Nc5 29. Bc4 Ne6 30. Bb5 Ng7 31. Rc4+ Kd8 32. Ra4 Nh5 33. Ra8+ Ke7 34. Rb8 Nxf4 35. Rxb7+ Kf8 36. a4 Ng2 37. b4 Ne1+ 38. Kb3 Nxf3 39. a5 bxa5 40. bxa5 Nd2+ 41. Kb4 1-0

[Event "Aurora Fall op"]
[Site "Aurora CAN"]
[Date "2013.10.20"]
[Round "4"]
[White "Dougherty, Michael"]
[Black "Ivanov, Mike"]
[Result "1-0"]
[WhiteElo "2166"]
[BlackElo "2076"]
[WhiteFideId "-1"]
[WhiteFideId "-1"]
[PlyCount "107"]
[GameId "2160767909224976"]
[EventDate "2013.10.19"]
[EventType "swiss"]
[EventRounds "5"]
[EventCountry "CAN"]
[SourceTitle "EXT 2014"]
[Source "ChessBase"]
[SourceDate "2013.11.20"]
[SourceVersion "1"]
[SourceVersionDate "2013.11.20"]
[SourceQuality "1"]

1. d4 Nf6 2. Nf3 g6 3. c4 Bg7 4. Nc3 O-O 5. e4 d6 6. Be2 e5 7. d5 a5 8. Bg5 h6 9. Bh4 Na6 10. Nd2 Qe8 11. O-O Nc5 12. b3 Bd7 13. Rb1 Nh7 14. a3 f5 15. exf5 Bxf5 16. b4 axb4 17. axb4 Na6 18. Nde4 Bxe4 19. Nxe4 Rf4 20. f3 Rxh4 21. g3 Rh5 22. c5 Qd8 23. Qc2 dxc5 24. bxc5 Ra7 25. c6 Nb8 26. cxb7 Rf5 27. d6 cxd6 28. Rfd1 Rf8 29. Nxd6 Ng5 30. Nc8 Qa5 31. Ne7+ Kf7 32. Qxg6+ Kxe7 33. Qd6+ Ke8 34. Qxb8+ Kf7 35. Qxf8+ Bxf8 36. b8=Q Ne6 37. Rb7+ Rxb7 38. Qxb7+ Kf6 39. Qe4 Qc5+ 40. Kg2 Ng5 41. Qd3 Ne6 42. Qc4 Qe3 43. Qe4 Qb3 44. f4 exf4 45. gxf4 Qb8 46. Kh1 Bd6 47. Bg4 Nxf4 48. Qf5+ Kg7 49. Qd7+ Kh8 50. Bf3 Qb3 51. Qc8+ Kg7 52. Qg4+ Kf8 53. Rxd6 Qb1+ 54. Rd1 1-0